| 000 | 00744cam a2200277 4500 | ||
|---|---|---|---|
| 008 | 090401t1995 xxu||||| |||| 00| 0 eng d | ||
| 020 | _a0117530190 | ||
| 035 | _a(Sirsi) u3765 | ||
| 041 | _aeng | ||
| 050 | _a333.73 | ||
| 100 | _aWickens, David | ||
| 245 | _aSurvey of derelict land in England 1993. Volume 2. Reference tables. | ||
| 260 |
_aLondon _bHMSO _c1995 |
||
| 300 | _a142p. ; 30cm. | ||
| 350 | _a19 | ||
| 650 | _aCONTAMINATED LAND | ||
| 650 | _aDERELICT LAND | ||
| 650 | _aRECLAMATION | ||
| 650 | _aSURVEY OF DERELICT LAND IN ENGLAND | ||
| 690 | _aLAND | ||
| 700 | _aRumfitt, Andrew | ||
| 700 | _aWillis, Ray | ||
| 710 |
_aUnited Kingdom _bDepartment of the Environment _9982 |
||
| 942 | _n0 | ||
| 948 | _c04/03/1997 | ||
| 999 |
_c85932 _d85932 |
||